| 000 | 004950000a22001810004500 | ||
|---|---|---|---|
| 001 | 002462 | ||
| 003 | MACL | ||
| 005 | 20150705144858.0 | ||
| 008 | 150705b xxu||||| |||| 00| 0 eng d | ||
| 040 |
_aMACL _cMACL |
||
| 041 | _aEnglish | ||
| 100 |
_aRay, Renuka _9884 |
||
| 245 |
_aMy Reminisences _bSocial Development during the Gandhian Era and After _cRenuka Ray |
||
| 260 |
_aAll India Women's Conference, _c2005 _bKolkata |
||
| 350 | _a350 | ||
| 650 |
_aSociology _919 |
||
| 942 |
_k301 _cBK _2ddc |
||
| 999 |
_c14374 _d14374 |
||